Povinnosti spojené s výplatou náhrad za stratu na zárobku po skončení pracovnej neschopnosti v dôsledku pracovného úrazu alebo choroby z povolania
Riešenie problémov výplaty náhrad za stratu na zárobku po skončení pracovnej neschopnosti v dôsledku pracovného úrazu a choroby z povolania.
Enregistré dans:
| Format: | Chapitre de livre |
|---|---|
| Langue: | slovaque |
| Sujets: | |
| Tags: |
Pas de tags, Soyez le premier à ajouter un tag!
|
MARC
| LEADER | 00000naa a2200000 4500 | ||
|---|---|---|---|
| 001 | r022396 | ||
| 005 | 20230912103555.7 | ||
| 041 | 0 | |a slo | |
| 044 | |a SK | ||
| 245 | 1 | 0 | |a Povinnosti spojené s výplatou náhrad za stratu na zárobku po skončení pracovnej neschopnosti v dôsledku pracovného úrazu alebo choroby z povolania |
| 520 | |a Riešenie problémov výplaty náhrad za stratu na zárobku po skončení pracovnej neschopnosti v dôsledku pracovného úrazu a choroby z povolania. | ||
| 610 | 2 | 0 | |a choroby z povolania |
| 610 | 2 | 0 | |a úrazy pracovné |
| 610 | 2 | 0 | |a náhrada mzdy |